top 10 rebounders in NBA history - Statistics

General Stats
  • This quiz has been taken 34 times
  • The average score is 6 of 10
Answer Stats
Hint Answer % Correct
1 Wilt Chamberlain
90%
2 Bill Russell
87%
3 Kareem Abdul-Jabbar
77%
7 Karl Malone
65%
5 Moses Malone
52%
6 Tim Duncan
45%
9 Kevin Garnett
42%
10 Dwight Howard
39%
4 Elvin Hayes
35%
8 Robert Parish
35%
No matching quizzes found
Score Distribution
Percent of People with Each Score
Percentile by Number Answered
Your Score History
You have not taken this quiz